|
|
|
|
| LEADER |
01303nam a22002657a 4500 |
| 001 |
33415 |
| 003 |
BD-DhAAL |
| 005 |
20250623160333.0 |
| 008 |
180717t1994 ii a|||| b||| 00| 0 ben d |
| 020 |
|
|
|a 8172152191
|
| 040 |
|
|
|a BD-DhAAL
|d BD-DhAAL
|
| 041 |
|
|
|a ben
|h eng
|
| 082 |
|
|
|a 635.9
|
| 100 |
|
|
|a পাইন,সন্তোষকুমার.
|9 27496
|
| 245 |
|
|
|a ফুলফোটার সন্ধানে /
|c সন্তোষকুমার পাইন.
|
| 260 |
|
|
|a কলকাতা :
|b আনন্দ পাবলিশাস,
|c ১৯৯৪.
|
| 300 |
|
|
|a ৭৩ পৃষ্ঠা :
|b চিত্র ;
|c ২৩ সে. মি.
|
| 504 |
|
|
|a গ্রন্থপঞ্জিগত নির্দেশিকা অন্তভূক্ত (পৃষ্ঠা ৬৫-৬৬ )
|
| 526 |
|
|
|a ARC
|
| 541 |
|
|
|a Department of Architecture
|e 33415
|
| 650 |
|
|
|a Flowers.
|9 27497
|
| 852 |
|
|
|a Department of Architecture
|c General Stacks
|
| 942 |
|
|
|2 ddc
|c BK
|
| 999 |
|
|
|c 39824
|d 39824
|
| 952 |
|
|
|0 0
|1 1
|2 ddc
|4 0
|6 635_900000000000000_PIN
|7 0
|9 63859
|a ARC
|b ARC
|c GEN
|d 2018-07-17
|e Department of Architecture
|l 0
|o 635.9 PIN
|p 3010033415
|r 2018-07-17
|w 2018-07-17
|y BK
|x lost from the ARC department library and approved by the Dean (reasons personal books withdrawn by Hasibul Kabir Sir and Building shifting)
|